000 00298nam a2200133Ia 4500
003 OSt
005 20231130053606.0
008 170523s9999 xx 000 0 und d
020 _a978-0-07-047292-1
040 _cIIMT
100 _ajoshi- sa
245 0 _anutrition and dietetics
942 _2ddc
_c02
999 _c11432
_d11432